000 00716nam a2200253 i 4500
001 C2-0111740
003 PPAK
005 20210606210426.0
008 970628s1994 my a j | 0 may d
020 _a9838650552
_qpaperback
040 _aPPAK
_beng
_cPPAK
_erda
082 0 4 _a499.2386
_223
090 0 0 _a499.2386
_bNYA
_dK
245 0 0 _aNyamuk angkuh /
264 1 _aKuala Lumpur :
_bPerfect Frontier,
_c1994
300 _a21 pages :
_billustrations ;
_c21 cm
336 _2rdacontent
_atext
337 _2rdamedia
_aunmediated
338 _2rdacarrier
_avolume
490 1 _aSiri bahan bacaan baru siri A
650 1 0 _aMalay language
_vReaders
830 0 _aSiri bahan bacaan baru siri A
942 _cB
_2ddc
999 _c27896
_d27896